Vista normal Vista MARC

Entrada Materia (personas)

Número de registros utilizados en: 1

001 - CONTROL NUMBER

  • control field: 92176

003 - CONTROL NUMBER IDENTIFIER

  • control field: Co-BoUCM

005 - DATE AND TIME OF LATEST TRANSACTION

  • control field: 20180417105633.0

008 - FIXED-LENGTH DATA ELEMENTS

  • fixed length control field: 180417|| aca||aabn | a|a d

040 ## - CATALOGING SOURCE

  • Original cataloging agency: Co-BoUCM
  • Transcribing agency: Co-BoUCM

100 ## - HEADING--PERSONAL NAME

  • Personal name: Maurras, Charles
  • Dates associated with a name: 1868-1952
  • General subdivision: Influencia
  • General subdivision: Congresos, conferencias, etc

670 ## - SOURCE DATA FOUND

  • Source citation: Work cat.: (Co-BoUCM)309537: L'Action française, 2008